000 00450nam a2200193Ia 4500
008 151121s9999||||xx |||||||||||||| ||und||
082 _a796।358/BAR
082 _bHNW-41673
100 _aBarker J। S।
245 _aIn The Main
260 _b"Pelham Books, London"
260 _c--
300 _a158
600 _aBarker J। S।
630 _aIn The Main
700 _aBarker J। S।
730 _aIn The Main
942 _cBOOK
999 _c1230574
_d1230571